Tìm hiểu vũ trụ /
Sâu thẳm trời sao; Mặt trời và những đứa con của nó; Những chuyện thuộc thế hệ cháu chắt; Dấu chân của những người đi tiên phong trong vũ trụ.
Na minha lista:
| Autor principal: | |
|---|---|
| Outros Autores: | , , |
| Formato: | Livro |
| Idioma: | Vietnamese Chinese |
| Publicado em: |
Tp.HCM :
Nxb Trẻ,
2000.
|
| Assuntos: | |
| Tags: |
Adicionar Tag
Sem tags, seja o primeiro a adicionar uma tag!
|
| Thư viện lưu trữ: | Mạng thư viện Đại học Đà Nẵng |
|---|
| LEADER | 01165cam a2200385 i 4500 | ||
|---|---|---|---|
| 001 | 000042712 | ||
| 003 | 587 | ||
| 005 | 20041027143513.0 | ||
| 008 | 010217b2000 vm 000 vie | ||
| 020 | |c 60000 | ||
| 022 | |a T | ||
| 040 | |a IRC |c IRC |d IRC | ||
| 041 | 1 | |a vie |h chi | |
| 082 | 1 | 4 | |a 523.1 |b TR-X |
| 100 | 1 | |a Trương Minh Xương. | |
| 245 | 1 | 0 | |a Tìm hiểu vũ trụ / |c Trương Minh Xương, Tương Phố, Thi Bá Uyển ; Võ Mai Lý dịch. |
| 260 | |a Tp.HCM : |b Nxb Trẻ, |c 2000. | ||
| 300 | |a 491 tr. ; |c 19 cm. | ||
| 520 | 3 | |a Sâu thẳm trời sao; Mặt trời và những đứa con của nó; Những chuyện thuộc thế hệ cháu chắt; Dấu chân của những người đi tiên phong trong vũ trụ. | |
| 630 | 0 | 4 | |a Vũ trụ. |
| 630 | 0 | 4 | |a Thiên văn học. |
| 650 | 0 | 4 | |a Vũ trụ. |
| 700 | 1 | |a Tương Phố. | |
| 700 | 1 | |a Thi Bá Uyển. | |
| 700 | 1 | |a Võ Mai Lý, |e dịch. | |
| OWN | |a DUT | ||
| 999 | |a From the UDN01 | ||
| TYP | |a Monograph | ||
| TYP | |a Printed language | ||
| 980 | |a Mạng thư viện Đại học Đà Nẵng | ||